Statistics for Premier League 23/24 Hat Tricks

Click here to take the quiz!

General Stats

  • This quiz has been taken 83 times
    (10 since last reset)
  • The average score is 14 of 17

Answer Stats

DateClubPlayer% Correct
2 September 2023Manchester CityErling Haaland
100%
4 May 2024Manchester CityErling Haaland
100%
30 September 2023Aston VillaOllie Watkins
100%
2 September 2023Tottenham HotspurSon Heung-Min
100%
15 April 2024ChelseaCole Palmer
89%
4 April 2024ChelseaCole Palmer
89%
23 December 2023BournemouthDominic Solanke
89%
26 February 2024West Ham UnitedJarrod Bowen
89%
19 May 2024Crystal PalaceJean-Philippe Mateta
89%
6 November 2023ChelseaNicolas Jackson
89%
2 September 2023Brighton & Hove AlbionEvan Ferguson
78%
5 February 2024Manchester CityPhil Foden
78%
3 April 2024Manchester CityPhil Foden
78%
26 December 2023Nottingham ForestChris Wood
67%
28 October 2023ArsenalEddie Nketiah
67%
30 January 2024Luton TownElijah Adebayo
67%
4 February 2024Wolverhampton WanderersMatheus Cunha
56%

Score Distribution

Percentile by Number Answered

Percent of People with Each Score

Your Score History

You have not taken this quiz since the last reset